| 000 | 01095nam a2200373 4500 | ||
|---|---|---|---|
| 001 | 48409 | ||
| 003 | ES-MaCES | ||
| 005 | 20161021144038.0 | ||
| 008 | 161021s gw ||||| |||||||||||spa|d | ||
| 020 | _a9783944203256 | ||
| 040 |
_aES-MaCES _bspa _cES-MaCES |
||
| 100 | 1 |
_937437 _aScornik Gerstein, Fernando |
|
| 245 | 1 | 3 |
_aLa especulación inmobiliaria y el silencio de los corderos _cFernando Scornik Gerstein, Fred Harrison |
| 250 | _a1ª ed | ||
| 260 |
_aBerlin _bLola Books _c2016 |
||
| 300 |
_a138 _c24 cm |
||
| 541 | _cCompra | ||
| 650 | 4 |
_928598 _avivienda |
|
| 650 | 4 |
_927915 _aprecio |
|
| 650 | 4 |
_928111 _adeuda |
|
| 650 | 4 |
_928086 _aimpuesto |
|
| 650 | 4 |
_928798 _asuelo |
|
| 650 | 4 |
_928718 _arecursos naturales |
|
| 650 | 4 |
_928085 _aimpuesto sobre la tierra |
|
| 650 | 4 |
_927209 _aadministración fiscal |
|
| 650 | 4 |
_928091 _areforma tributaria |
|
| 650 | 4 |
_926964 _aEspaña |
|
| 650 | 4 |
_926674 _ainternacional |
|
| 650 | 4 |
_928846 _aestudio de casos |
|
| 653 | 1 | 0 | _aFiscalidad |
| 700 | 1 |
_937438 _aHarrison, Fred |
|
| 902 | _aLIB Libro | ||
| 942 |
_2CES _cBK _h0.1. |
||
| 999 |
_c48409 _d48409 |
||